000 00381nam a2200145Ia 4500
008 230917s9999||||xx |||||||||||||| ||und||
040 _e126574
_aMAIN
041 _aEnglish
082 _a338.4791 D536C
100 _aDhar, Prem Nath
245 0 _aCultural and heritage tourism: An overview
260 _aNew Delhi
_bKanishka Publication
_c2008
300 _a336 p.
942 _cBK
999 _c152184
_d152184